<?xml version="1.0" encoding="UTF-8"?><?xml-stylesheet type="text/xsl" href="static/style.xsl"?><OAI-PMH xmlns="http://www.openarchives.org/OAI/2.0/" xmlns:xsi="http://www.w3.org/2001/XMLSchema-instance" xsi:schemaLocation="http://www.openarchives.org/OAI/2.0/ http://www.openarchives.org/OAI/2.0/OAI-PMH.xsd"><responseDate>2026-06-07T05:34:49Z</responseDate><request verb="GetRecord" identifier="oai:riuma.uma.es:10630/14349" metadataPrefix="marc">https://riuma.uma.es/rest/oai/request</request><GetRecord><record><header><identifier>oai:riuma.uma.es:10630/14349</identifier><datestamp>2026-02-03T12:36:42Z</datestamp><setSpec>com_10630_2254</setSpec><setSpec>col_10630_37957</setSpec></header><metadata><record xmlns="http://www.loc.gov/MARC21/slim" xmlns:dcterms="http://purl.org/dc/terms/" xmlns:doc="http://www.lyncode.com/xoai" xmlns:xsi="http://www.w3.org/2001/XMLSchema-instance" xsi:schemaLocation="http://www.loc.gov/MARC21/slim http://www.loc.gov/standards/marcxml/schema/MARC21slim.xsd">
   <leader>00925njm 22002777a 4500</leader>
   <datafield ind2=" " ind1=" " tag="042">
      <subfield code="a">dc</subfield>
   </datafield>
   <datafield ind2=" " ind1=" " tag="720">
      <subfield code="a">Villanueva Torres, Beatriz</subfield>
      <subfield code="e">author</subfield>
   </datafield>
   <datafield ind2=" " ind1=" " tag="260">
      <subfield code="c">2016</subfield>
   </datafield>
   <datafield ind2=" " ind1=" " tag="520">
      <subfield code="a">The aim of this study is to assess whether the administration of hydroxytyrosol (HT) to diabetic animals exerts a neuroprotective effect on brain damage in a model of hypoxia-reoxygenation. Rats (10 per group) were distributed in five groups: nondiabetic rats, control diabetic rats (DR), DR rats treated two months with 1, 5 or 10 mg/kg/day p.o. HT. At the end of follow-up an experimental model of hypoxia-reoxygenation in brain slices was carried out. DR showed increased cell death, oxidative and nitrosative stress and an increase in brain inflammatory mediators. All these alterations were significantly higher in DR than normoglycemic. HT significantly reduced oxidative and nitrosative stress and brain inflammatory mediators production. Cell death was reduced by 25.9%, 37.5% and 41.0% after the administration of 1, 5 or 10 mg/kg/day. In conclusion we provide the neuroprotective effect of the administration of HT in experimental diabetes.</subfield>
   </datafield>
   <datafield ind1="8" ind2=" " tag="024">
      <subfield code="a">http://hdl.handle.net/10630/14349</subfield>
   </datafield>
   <datafield tag="653" ind2=" " ind1=" ">
      <subfield code="a">Polifenoles</subfield>
   </datafield>
   <datafield ind2="0" ind1="0" tag="245">
      <subfield code="a">Diferencias en el efecto antioxidante y neuroprotector de hidroxitirosol en la diabetes mellitus experimental respecto a una situación de normoglucemia</subfield>
   </datafield>
</record>
</metadata></record></GetRecord></OAI-PMH>